| 000 -LEADER | |
|---|---|
| fixed length control field | 00454nam a22001697a 4500 |
| 005 - DATE AND TIME OF LATEST TRANSACTION | |
| control field | 20160611144203.0 |
| 008 - FIXED-LENGTH DATA ELEMENTS--GENERAL INFORMATION | |
| fixed length control field | 160611b xxu||||| |||| 00| 0 eng d |
| 020 ## - INTERNATIONAL STANDARD BOOK NUMBER | |
| ISBN | 9788120309159 |
| 041 ## - LANGUAGE CODE | |
| Language code of text/sound track or separate title | eng |
| 082 ## - DEWEY DECIMAL CLASSIFICATION NUMBER | |
| Item number | 6960 |
| 100 ## - MAIN ENTRY--AUTHOR NAME | |
| Personal name | Taggart, James It. Meckrmott, Michael C. |
| 245 ## - TITLE STATEMENT | |
| Title | The essence of Information Business. |
| 260 ## - PUBLICATION, DISTRIBUTION, ETC. (IMPRINT) | |
| Place of publication | New Delhi |
| Name of publisher | Prentice hall of India Pvt. Ltd. |
| 300 ## - PHYSICAL DESCRIPTION | |
| Number of Pages | 225 |
| 650 ## - SUBJECT ADDED ENTRY--TOPICAL TERM | |
| Topical Term | Management |
| 942 ## - ADDED ENTRY ELEMENTS (KOHA) | |
| Koha item type | Books |
| Lost status | Damaged status | Collection code | Home library | Current library | Shelving location | Date acquired | Cost, normal purchase price | Full call number | Accession Number | Koha item type | Source of acquisition |
|---|---|---|---|---|---|---|---|---|---|---|---|
| Reference | JRU Library | SHELF-30-D | 11/06/2016 | 75.00 | 6960 | 6960 | Books | ||||
| MANAGEMENT | JRU Library | JRU Library | SHELF-61-C | 11/06/2016 | 75.00 | 6960 | 6961 | Books | |||
| MANAGEMENT | JRU Library | JRU Library | SHELF-61-C | 11/06/2016 | 75.00 | 6960 | 6962 | Books | |||
| MANAGEMENT | JRU Library | JRU Library | SHELF-61-C | 11/06/2016 | 75.00 | 6960 | 6963 | Books | |||
| MANAGEMENT | JRU Library | JRU Library | SHELF-58-G | 11/06/2016 | 75.00 | 6960 | 6964 | Books | PURCHASE | ||
| MANAGEMENT | JRU Library | JRU Library | SHELF-61-C | 11/06/2016 | 75.00 | 6960 | 6965 | Books |